|
|
|
|
| LEADER |
02125ncm a2200493 a 4500 |
| 001 |
000812628 |
| 003 |
CZ BrMZK |
| 005 |
20130830141345.0 |
| 007 |
qu |
| 008 |
060327s1850 xr mszdg ger d |
| 028 |
5 |
0 |
|a 496
|b Joh. Hoffmann
|
| 031 |
|
|
|a 01
|b 01
|c 01
|d Andante
|m vl 1
|g G-2
|n xF
|o 6/8
|p {'6GB''D'B''CE}{D'B}''4G/{6'GB''D'B''xCE}{D'B}''4G/
|r G
|2 pe
|
| 031 |
|
|
|a 01
|b 01
|c 02
|d Andante
|m S
|g C-1
|n xF
|o 6/8
|p =3/'4B8B{BxA}B/4D'8B4B8-/4A8A{AB}A/4G8B4A8-/
|r G
|t Kyrie eleison
|2 pe
|
| 040 |
|
|
|a BOA001
|b cze
|
| 041 |
0 |
|
|a lat
|
| 048 |
|
|
|a ca04
|a oz
|
| 048 |
|
|
|a kb01
|
| 072 |
|
7 |
|a 783
|x Církevní hudba. Duchovní hudba. Náboženská hudba
|2 Konspekt
|9 9
|
| 080 |
|
|
|a 783.22
|2 MRF
|
| 080 |
|
|
|a 78.087.684
|2 MRF
|
| 080 |
|
|
|a 785.16
|2 MRF
|
| 080 |
|
|
|a 786.61
|2 MRF
|
| 080 |
|
|
|a 78.087
|2 MRF
|
| 080 |
|
|
|a (0.068)78
|2 MRF
|
| 100 |
1 |
|
|a Kníže, František Max,
|d 1784-1840
|7 jx20060906008
|4 cmp
|
| 240 |
1 |
0 |
|a Mše
|
| 245 |
1 |
0 |
|a Pastoral-Messe in D
|h [hudebnina] :
|b für vier Singstimmen, zwei Violinen, Viola, Flöte, zwei Horn, Tympani, Contrabass, Violoncell und Orgel : Nachgelassenes Werk /
|c Componirt von F. Max. Kniže
|
| 254 |
|
|
|a Hlasy
|
| 260 |
|
|
|a Prag :
|b Bei Joh. Hoffmann,
|c [1850?]
|
| 300 |
|
|
|a 14 hlasů (4, 3, 3, 3, 4, 4, 3, 4, 2, 2, 2, 1, 1, 4 s.) ;
|c (33 cm)
|
| 500 |
|
|
|a Tisk vtlačenou plotnou, č. 496
|
| 561 |
|
|
|a Provenience: (etiketa) Carl Winiker's Musikalien-Leih-Anstalt Nro. 11407
|
| 650 |
0 |
7 |
|a mše (smíšený sbor, komorní orchestr, varhany)
|7 ph334673
|2 czenas
|
| 655 |
|
7 |
|a hlasy
|7 fd186703
|2 czenas
|
| 655 |
|
7 |
|a hudební staré tisky
|7 fd278470
|2 czenas
|
| 856 |
4 |
1 |
|u http://audioserver.mzk.cz/incipity/png/000812628_01_01_01.png
|y Zobrazení hudebního incipitu
|
| 856 |
4 |
1 |
|u http://audioserver.mzk.cz/incipity/png/000812628_01_01_02.png
|y Zobrazení hudebního incipitu
|
| 910 |
|
|
|a BOA001
|b STMus4-0210.942
|
| 978 |
|
|
|a Hoffmann
|b Jan
|c Praha
|f 1850
|
| 984 |
|
|
|a Praha
|b Česko
|
| 990 |
|
|
|a MU
|
| 993 |
|
|
|a Y
|
| 991 |
|
|
|b 200603
|
| 996 |
6 |
|
|b 2619265427
|c STMus4-0210.942
|l Stud. starých tisků/4.patro
|r Sklad / do násl. otevíracího dne
|n 1
|w 000812628
|u 000010
|a 1
|e BOA001
|j MZK50
|s P
|